Geschichte der Juden von der Berbannung der Juden aus Spanien und Portugal (1496) bis zur dauernden Ansiedelung der Marranen in Holland (1618) / (Registro nro. 154737)

Detalles MARC
000 -LEADER
campo de control de longitud fija 00943nam a22002295i 4500
001 - NÚMERO DE CONTROL
campo de control 154737
003 - IDENTIFICADOR DE NÚMERO DE CONTROL
campo de control ES-MaACL
005 - FECHA Y HORA DE LA ÚLTIMA TRANSACCIÓN
campo de control 20251003063135.0
008 - DATOS DE LONGITUD FIJA--INFORMACIÓN GENERAL
campo de control de longitud fija 040709s1877 gw |||| | ger d
040 ## - FUENTE DE CATALOGACIÓN
Centro catalogador/agencia de origen CAM
Lengua de catalogación spa
Centro/agencia transcriptor CAM
100 1# - ENTRADA PRINCIPAL--NOMBRE DE PERSONA
Nombre de persona Graetz, Heinrich,
Fechas asociadas al nombre 1817-1891
9 (RLIN) 127523
245 10 - MENCIÓN DEL TÍTULO
Título Geschichte der Juden von der Berbannung der Juden aus Spanien und Portugal (1496) bis zur dauernden Ansiedelung der Marranen in Holland (1618) /
Mención de responsabilidad, etc. von H. Graetz.
250 ## - MENCION DE EDICION
Mención de edición 2. ver. und verb. Aufl.
260 ## - PUBLICACIÓN, DISTRIBUCIÓN, ETC.
Lugar de publicación, distribución, etc. Leipzig :
Nombre del editor, distribuidor, etc. Oskar Leiner,
Fecha de publicación, distribución, etc. 1877.
300 ## - DESCRIPCIÓN FÍSICA
Extensión XI, 608 p. ;
Dimensiones 21 cm.
490 1# - MENCIÓN DE SERIE
Mención de serie Geschichte der Israeliten von den ästesten Zeiten bis auf die Gegenwart ;
Designación de volumen o secuencia 9
650 ## - PUNTO DE ACCESO ADICIONAL DE MATERIA--TÉRMINO DE MATERIA
Término de materia o nombre geográfico como elemento de entrada Judíos-
Subdivisión de forma Historia.
9 (RLIN) 13994
651 #4 - PUNTO DE ACCESO ADICIONAL DE MATERIA--NOMBRE GEOGRÁFICO
Nombre geográfico Israel-
Subdivisión general Historia.
9 (RLIN) 8858
830 0# - PUNTO DE ACCESO ADICIONAL DE SERIE-TÍTULO UNIFORME
Título uniforme Geschichte der Israeliten von den ästesten Zeiten bis auf die Gegenwart ;
Designación de volumen o secuencia 9
9 (RLIN) 221509
852 ## - LOCALIZACIÓN
Ubicación ES-MaACL
Número de control de estantería G-2581
Nota libre -- Enc. hol.
Existencias
Estatus retirado Estado de pérdida Estado de daño No para préstamo Colección Biblioteca de origen Biblioteca actual Ubicación en estantería Fecha de adquisición Fuente de adquisición Total de préstamos Signatura topográfica completa Código de barras Visto por última vez Precio de reemplazo Tipo de ítem Koha
        Libros del s. XIX Biblioteca del Ateneo de Madrid Biblioteca del Ateneo de Madrid Depósito 2 17/01/2008     G-2581 1161845 23/02/2023 23/02/2023 Libro impreso antiguo